Dead fingers talk / (Record no. 200468173)

MARC details
000 -LEADER
fixed length control field 01684cam a2200433 i 4500
001 - CONTROL NUMBER
control field 200468173
003 - CONTROL NUMBER IDENTIFIER
control field TR-AnTOB
005 - DATE AND TIME OF LATEST TRANSACTION
control field 20260417113441.0
007 - PHYSICAL DESCRIPTION FIXED FIELD--GENERAL INFORMATION
fixed length control field ta
008 - FIXED-LENGTH DATA ELEMENTS--GENERAL INFORMATION
fixed length control field 260417s1963 enk 000 f eng
010 ## - LIBRARY OF CONGRESS CONTROL NUMBER
LC control number 79315183
015 ## - NATIONAL BIBLIOGRAPHY NUMBER
National bibliography number GB6318859
Source bnb
016 7# - NATIONAL BIBLIOGRAPHIC AGENCY CONTROL NUMBER
Record control number 000545197
Source Uk
Record control number (AMICUS)000001143642
035 ## - SYSTEM CONTROL NUMBER
System control number (CLU)673882-ucladb-Voyager
System control number (OCoLC)05777153
Canceled/invalid control number (OCoLC)689981
-- (OCoLC)2043797
-- (OCoLC)277160410
-- (OCoLC)639674992
-- (OCoLC)844988153
-- (OCoLC)1086815823
-- (OCoLC)1200050809
-- (OCoLC)1251395403
System control number (OCoLC)ocm05777153
System control number (EXLNZ-01UCS_NETWORK)9912941159906531
Canceled/invalid control number 08-ACF-6897
System control number (TR-AnTOB)200468173
040 ## - CATALOGING SOURCE
Original cataloging agency DLC
Language of cataloging eng
Description conventions rda
Transcribing agency DLC
Modifying agency KSU
-- UKM
-- BTCTA
-- OCLCG
-- BUF
-- UKMGB
-- OCLCQ
-- WLU
-- NLC
-- OCLCQ
-- BRL
-- OCLCO
-- HHG
-- OCLCF
-- OCLCQ
-- CUZ
-- UWW
-- OCLCO
-- PUL
-- OCLCO
-- OCLCL
-- OCLCQ
-- OCLCL
-- OCLCO
-- NLC
-- TR-AnTOB
041 0# - LANGUAGE CODE
Language code of text/sound track or separate title İngilizce
050 04 - LIBRARY OF CONGRESS CALL NUMBER
Classification number PS3552.U75
Item number D4 1963
090 ## - LOCALLY ASSIGNED LC-TYPE CALL NUMBER (OCLC); LOCAL CALL NUMBER (RLIN)
Classification number (OCLC) (R) ; Classification number, CALL (RLIN) (NR) PS3552.U75
Local cutter number (OCLC) ; Book number/undivided call number, CALL (RLIN) D4 1963
100 1# - MAIN ENTRY--PERSONAL NAME
Personal name Burroughs, William S.,
Dates associated with a name 1914-1997
Relator term author
Relator code aut
Authority record control number or standard number http://id.loc.gov/authorities/names/n79026862
9 (RLIN) 153757
245 10 - TITLE STATEMENT
Title Dead fingers talk /
Statement of responsibility, etc. William Burroughs.
264 #1 - PRODUCTION, PUBLICATION, DISTRIBUTION, MANUFACTURE, AND COPYRIGHT NOTICE
Place of production, publication, distribution, manufacture London :
Name of producer, publisher, distributor, manufacturer John Calder ;
Place of production, publication, distribution, manufacture [Paris] :
Name of producer, publisher, distributor, manufacturer Olympia Press,
Date of production, publication, distribution, manufacture, or copyright notice 1963.
300 ## - PHYSICAL DESCRIPTION
Extent 215 pages ;
Dimensions 22 cm
336 ## - CONTENT TYPE
Content type term text
Content type code txt
Source rdacontent
337 ## - MEDIA TYPE
Media type term unmediated
Media type code n
Source rdamedia
338 ## - CARRIER TYPE
Carrier type term volume
Carrier type code nc
Source rdacarrier
340 ## - PHYSICAL MEDIUM
Book format 8vo.
Source rdabf
650 #0 - SUBJECT ADDED ENTRY--TOPICAL TERM
Topical term or geographic name entry element Drug abuse
Form subdivision Fiction
9 (RLIN) 153758
Topical term or geographic name entry element Drug utilization
Form subdivision Fiction
9 (RLIN) 153759
655 #7 - INDEX TERM--GENRE/FORM
Genre/form data or focus term Fiction
Source of term lcgft
Authority record control number http://id.loc.gov/authorities/genreForms/gf2014026339
9 (RLIN) 151487
942 ## - ADDED ENTRY ELEMENTS (KOHA)
Source of classification or shelving scheme Library of Congress Classification
Koha item type Book
Holdings
Withdrawn status Lost status Source of classification or shelving scheme Damaged status Not for loan Collection code Home library Current library Shelving location Date acquired Source of acquisition Inventory number Total Checkouts Full call number Barcode Date last seen Copy number Date shelved Koha item type Public note
    Library of Congress Classification Kullanılmış / Used Ödünç Verilemez-Kurumiçi kullanım / Not for loan-For inhouse use Genel Koleksiyon Tıp Fakültesi Medikal Kütüphane Tıp Fakültesi Medikal Kütüphane Genel Koleksiyon / Main Collection 18/03/2026 Bağış / Donation İDE   PS3552.U75 D4 1963 TıpFaK TF03139 17/04/2026 1 17/04/2026 Book Donated by Prof. Dr. Şükrü Cin
Devinim Yazılım Eğitim Danışmanlık tarafından Koha'nın orjinal sürümü uyarlanarak geliştirilip kurulmuştur.